| 000 | 00584nam a2200193 a 4500 | ||
|---|---|---|---|
| 005 | 20140310183600.0 | ||
| 008 | 111122s19uu xx 00 eng d | ||
| 020 | _a9780240812618 | ||
| 050 |
_aTR 897.7 _b.J33 2010 |
||
| 100 | _aJackson, Chris | ||
| 245 |
_aFlash cinematic techniques : _benhancing animated shorts and interactive storytelling / _cChris Jackson. |
||
| 260 |
_aAmsterdam : _bElsevier, _c2010. |
||
| 300 |
_a291 p. : _bill. ; _c25 cm. |
||
| 521 | _aMA | ||
| 650 | _aFlash (Computer file) | ||
| 650 | _aComputer animation | ||
| 942 |
_cBK _2lcc _kFOR |
||
| 999 |
_c25075 _d25075 |
||